Chàng Amã Chisa Akhàt Jucar Raglai
Giới thiệu khúc hát chàng AMã Chisa Akhàt Jucar Raglai
محفوظ في:
| المؤلف الرئيسي: | |
|---|---|
| التنسيق: | كتاب |
| اللغة: | Undetermined |
| منشور في: |
Hà Nội
Văn hóa Thông tin
2014
|
| الموضوعات: | |
| الوسوم: |
إضافة وسم
لا توجد وسوم, كن أول من يضع وسما على هذه التسجيلة!
|
| Thư viện lưu trữ: | Trung tâm Học liệu Trường Đại học Cần Thơ |
|---|
| LEADER | 00702nam a2200193Ia 4500 | ||
|---|---|---|---|
| 001 | CTU_209887 | ||
| 008 | 210402s9999 xx 000 0 und d | ||
| 082 | |a 398.209597 | ||
| 082 | |b H407/Q.2 | ||
| 100 | |a Trần, Kiêm Hoàng | ||
| 245 | 0 | |a Chàng Amã Chisa Akhàt Jucar Raglai | |
| 245 | 0 | |c Trần Kiêm Hoàng, Chamaliaq Riya Tỉenq | |
| 260 | |a Hà Nội | ||
| 260 | |b Văn hóa Thông tin | ||
| 260 | |c 2014 | ||
| 520 | |a Giới thiệu khúc hát chàng AMã Chisa Akhàt Jucar Raglai | ||
| 650 | |a Văn học dân gian Việt Nam,Folk literature, Vietnamese | ||
| 904 | |i Châu Thiên Phúc,Hải | ||
| 980 | |a Trung tâm Học liệu Trường Đại học Cần Thơ | ||